Loading...

Beginning PHP, Apache, MySQL web development

Bibliographic Details
Main Author: Glass, Michael K et al
Format: Printed Book
Language:English
Published: New Delhi: Wrox Publishers 2004
LEADER 00481nam a22001337a 4500
008 091125t xxu||||| |||| 00| 0 eng d
082 |a 004.65 PHP  |b GLA 
100 |a Glass, Michael K et al  |9 5812 
245 |a Beginning PHP, Apache, MySQL web development 
260 |a New Delhi:  |b Wrox Publishers  |c 2004 
300 |a xvi, 700p.; 
942 |2 ddc  |c BK  |6 _ 
999 |c 85945  |d 85945 
952 |0 0  |1 0  |2 ddc  |4 0  |6 00465_PHPGLA  |7 0  |9 107794  |a DCA  |b DCA  |d 2009-11-25  |o 004.65 PHP GLA  |p CA003685  |r 2009-11-25  |w 2009-11-25  |y BK